| 000 | 00815nam a22002657a 4500 | ||
|---|---|---|---|
| 001 | BR2016003068 | ||
| 003 | BR-BrBNA | ||
| 005 | 20230928104922.0 | ||
| 007 | ta | ||
| 008 | 230509b bl.||||| |||| 00| 0 por d | ||
| 040 |
_aBR-BrBNA _bpor _cBiblioteca Nacional de Agricultura |
||
| 041 | _a(Por) | ||
| 072 |
_aL73 _b4110 _b4190 |
||
| 090 | _ 4110 BR2016003068 | ||
| 100 | 1 | _aCorrea, O. | |
| 110 | 1 |
_aUniversidade Federal Rural do Rio de Janeiro, RJ (Brasil). Escola Nacional de Veterinária _911247 |
|
| 245 | 1 | _aDoenças infecciosas dos animais domésticos: doenças causadas por bactérias | |
| 260 | 3 |
_aRio de Janeiro, RJ (Brasil): _c1970. |
|
| 300 | _av.1-2 | ||
| 650 | _aDOENÇA ANIMAL | ||
| 650 | _aANIMAL DOMÉSTICO | ||
| 650 | _aBACTÉRIA | ||
| 909 |
_a202309 _bLucia _c55 _dLucia Elande |
||
| 942 | _cBK | ||
| 999 |
_c82439 _d82439 |
||